No Me Leas La Mente #7 - Estadísticas

Estadísticas generales
  • Esta prueba ha sido intentada 35 veces
  • La puntuación promedio es 3 de 10
Estadísticas de respuestas
nº de opciones pregunta respuesta % Correcto
10 Estados de Estados Unidos con más habitantes
88%
7 Notas musicales
67%
7 Letras que son números romanos
50%
12 Álbumes de Taylor Swift
42%
10 Películas ganadoras del Óscar a mejor película en los 2000s
29%
9 Tipos de inteligencia según Gardner
21%
5 Capas de la atmósfera
17%
5 Obras de Miguel Ángel
13%
5 Principales religiones
13%
3 Actores que han interpretado a Spider Man
0%
No se encontraron pruebas coincidentes
Distribución de puntuación
Porcentaje de gente con cada puntuación
Porcentaje por número respondido
Historial de tus puntuaciones
No has intentado esta prueba.